|
|
|
|
| LEADER |
02962nam a22004335i 4500 |
| 001 |
978-3-319-08876-1 |
| 003 |
DE-He213 |
| 005 |
20151109161805.0 |
| 007 |
cr nn 008mamaa |
| 008 |
140923s2015 gw | s |||| 0|eng d |
| 020 |
|
|
|a 9783319088761
|9 978-3-319-08876-1
|
| 024 |
7 |
|
|a 10.1007/978-3-319-08876-1
|2 doi
|
| 040 |
|
|
|d GrThAP
|
| 050 |
|
4 |
|a K3236-3268.5
|
| 072 |
|
7 |
|a JPVH
|2 bicssc
|
| 072 |
|
7 |
|a LAW051000
|2 bisacsh
|
| 082 |
0 |
4 |
|a 341.48
|2 23
|
| 100 |
1 |
|
|a Barten, Ulrike.
|e author.
|
| 245 |
1 |
0 |
|a Minorities, Minority Rights and Internal Self-Determination
|h [electronic resource] /
|c by Ulrike Barten.
|
| 264 |
|
1 |
|a Cham :
|b Springer International Publishing :
|b Imprint: Springer,
|c 2015.
|
| 300 |
|
|
|a XIII, 295 p. 4 illus.
|b online resource.
|
| 336 |
|
|
|a text
|b txt
|2 rdacontent
|
| 337 |
|
|
|a computer
|b c
|2 rdamedia
|
| 338 |
|
|
|a online resource
|b cr
|2 rdacarrier
|
| 347 |
|
|
|a text file
|b PDF
|2 rda
|
| 505 |
0 |
|
|a Part I: Introduction -- The international relations framework -- Classic sources on minority rights and self-determination -- Non-state actors and non-binding instruments -- Legitimacy and justice -- Legitimacy and justice of non-binding instruments -- Part II: Minority rights -- Minority, people, nation -- Understanding self-determination -- Part III: Minority rights and internal self-determination -- Putting together the pieces -- Part IV: Conclusion -- Summary.
|
| 520 |
|
|
|a The book questions the classic idea of self-determination – the right to self-determination is a right of peoples, not of minorities – by examining the content of the right to self-determination and the content of minority rights. Self-determination has four dimensions: the political, the economic, the social and the cultural dimensions. Minorities have minority rights that touch on most aspects of life as a member of a minority. If there is an overlap between minority rights and the different dimensions of self-determination, the concept that the right to self-determination is only applicable to peoples loses credibility. No global and general conclusion is envisaged; there are restrictions in place. The work is limited to the European framework and is further restricted to classic minorities. The argument is based on a legitimacy and justice approach. The analysis in this book shows that some minority rights overlap with the different dimensions of internal self-determination. In short, classic minorities in Europe have a right to internal self-determination.
|
| 650 |
|
0 |
|a Law.
|
| 650 |
|
0 |
|a International relations.
|
| 650 |
|
0 |
|a Human rights.
|
| 650 |
1 |
4 |
|a Law.
|
| 650 |
2 |
4 |
|a Human Rights.
|
| 650 |
2 |
4 |
|a International Relations.
|
| 710 |
2 |
|
|a SpringerLink (Online service)
|
| 773 |
0 |
|
|t Springer eBooks
|
| 776 |
0 |
8 |
|i Printed edition:
|z 9783319088754
|
| 856 |
4 |
0 |
|u http://dx.doi.org/10.1007/978-3-319-08876-1
|z Full Text via HEAL-Link
|
| 912 |
|
|
|a ZDB-2-SHU
|
| 950 |
|
|
|a Humanities, Social Sciences and Law (Springer-11648)
|